| 000 | 00735nam a2200217 a 4500 | ||
|---|---|---|---|
| 999 |
_c10740 _d10740 |
||
| 001 | 10740 | ||
| 003 | BD-JhCC | ||
| 005 | 20220804134023.0 | ||
| 008 | 180816s20161995ii |||| |||| 000 0 ben d | ||
| 020 | _a9788172153557 | ||
| 035 | _a(BD-JhCC)10740 | ||
| 040 |
_aBD-JhCC _dBD-JhCC |
||
| 041 | _aben | ||
| 082 |
_a891.443 _bBAN 2016 |
||
| 100 | _aবন্দ্যোপাধ্যায়, শরদিন্দু | ||
| 245 |
_aব্যোমকেশ সমগ্র / _cশরদিন্দু বন্দ্যোপাধ্যায়, |
||
| 260 |
_aকলকাতা : _bআনন্দ, _c২০১৬. |
||
| 300 |
_a১০০৮ পৃ. : _c২৪ সেমি. |
||
| 650 | _aDetective Novel | ||
| 942 |
_2ddc _cBK _020 |
||